Metabolismo, nutricion y shock en el paciente quirurgico (Registro nro. 171415)

Detalles MARC
001 - NÚMERO DE CONTROL
campo de control 165631
005 - FECHA Y HORA DE LA ÚLTIMA TRANSACCIÓN
campo de control 20260506084804.0
008 - DATOS DE LONGITUD FIJA--INFORMACIÓN GENERAL
campo de control de longitud fija 980305s1979 spa
035 ## - NÚMERO DE CONTROL DEL SISTEMA
Número de control de sistema 165631
035 ## - NÚMERO DE CONTROL DEL SISTEMA
Número de control de sistema (OCoLC)778021911
040 ## - FUENTE DE LA CATALOGACIÓN
Centro/agencia transcriptor comduadb
041 ## - CÓDIGO DE LENGUA
Código de lengua del texto/banda sonora o título independiente spa
080 ## - NÚMERO DE LA CLASIFICACIÓN DECIMAL UNIVERSAL
Número de la Clasificación Decimal Universal RD
100 10 - ENTRADA PRINCIPAL--NOMBRE DE PERSONA
Nombre de persona Patiño Restrepo, José Félix
Código de función aut
Número de control del registro de autoridad o número normalizado (viaf)13780616
Término indicativo de función/relación Autor/a
9 (RLIN) 283813
245 10 - MENCIÓN DE TÍTULO
Título Metabolismo, nutricion y shock en el paciente quirurgico
260 ## - PUBLICACIÓN, DISTRIBUCIÓN, ETC.
Lugar de publicación, distribución, etc. Bogotá :
Nombre del editor, distribuidor, etc. Fundacion Lucia Patino Osorio,
Fecha de publicación, distribución, etc. 1979.
300 ## - DESCRIPCIÓN FÍSICA
Extensión 304 páginas
500 ## - NOTA GENERAL
Nota general Donacion: 93/10/13.
650 #7 - PUNTO DE ACCESO ADICIONAL DE MATERIA--TÉRMINO DE MATERIA
Término de materia o nombre geográfico como elemento de entrada Metabolismo
Fuente del encabezamiento o término dcs
9 (RLIN) 42306
650 ## - PUNTO DE ACCESO ADICIONAL DE MATERIA--TÉRMINO DE MATERIA
Término de materia o nombre geográfico como elemento de entrada Nutrición parenteral
9 (RLIN) 32185
650 ## - PUNTO DE ACCESO ADICIONAL DE MATERIA--TÉRMINO DE MATERIA
Término de materia o nombre geográfico como elemento de entrada Cuidados postoperatorios
9 (RLIN) 38649
650 ## - PUNTO DE ACCESO ADICIONAL DE MATERIA--TÉRMINO DE MATERIA
Término de materia o nombre geográfico como elemento de entrada Atención nutricional
9 (RLIN) 17893
650 #7 - PUNTO DE ACCESO ADICIONAL DE MATERIA--TÉRMINO DE MATERIA
Término de materia o nombre geográfico como elemento de entrada Cirugia general
Fuente del encabezamiento o término dcs
9 (RLIN) 13815
942 ## - ELEMENTOS DE ENTRADA AGREGADA (KOHA)
Tipo de ítem Koha Libros
Existencias
Estado de retiro Estado de pérdida Estado dañado No para préstamo Código de colección Localización permanente Ubicación/localización actual Fecha de adquisición Número de inventario Total de préstamos Signatura topográfica completa Código de barras Fecha visto por última vez Número de copia Precio válido a partir de Tipo de ítem Koha
        Colección General Biblioteca de Ciudadela Robledo, Campus Medellín Biblioteca de Ciudadela Robledo, Campus Medellín 05/03/1998 C225942   RD52.N88 P3 e2 61000000382636 23/04/2023 1 23/04/2023 Libros